Normal view MARC view
  • KHOGILI

Entry Personal Name

Number of records used in: 1

001 - CONTROL NUMBER

  • control field: 6838

003 - CONTROL NUMBER IDENTIFIER

  • control field: OSt

005 - DATE AND TIME OF LATEST TRANSACTION

  • control field: 20180809121204.0

008 - FIXED-LENGTH DATA ELEMENTS

  • fixed length control field: 180809|| aca||aabn | a|a d

040 ## - CATALOGING SOURCE

  • Original cataloging agency: OSt

100 ## - HEADING--PERSONAL NAME

  • Personal name: KHOGILI

Powered by Koha